[Event "SVM_Verbandsliga_Nord_2023-24"]
[Site "?"]
[Date "2024.01.14"]
[Round "5.6"]
[White "Huppertz, Christoph"]
[Black "Magg, Stefan"]
[Result "1/2-1/2"]
[WhiteElo "1887"]
[BlackElo "1694"]
[PlyCount "56"]
[EventDate "2024.01.14"]
[SourceDate "2024.01.14"]
[WhiteTeam "Schachuzipus 1"]
[BlackTeam "BSG Rheinpark 1"]

{(=)} 1. d4 Nf6 2. c4 g6 3. Nc3 Bg7 4. e4 d6 5. Be2 O-O 6. Nf3 Bg4 7. Ng1 Bxe2
8. Ngxe2 e5 9. d5 c6 10. f3 cxd5 11. cxd5 a6 12. Be3 Nbd7 13. O-O Rc8 14. Qd2
b5 15. Rfc1 Nb6 16. b3 Nbd7 17. Nd1 Nb8 18. Rxc8 Qxc8 19. Rc1 Qb7 20. Qc2 Rd8
21. Nf2 Ne8 22. Nd3 a5 23. a3 f5 24. g3 fxe4 25. fxe4 Rd7 26. Qc8 Kf7 27. Kg2
Qxc8 28. Rxc8 Rb7 {(=)} 1/2-1/2

[Event "SVM_Verbandsliga_Nord_2023-24"]
[Site "?"]
[Date "2024.01.14"]
[Round "5.7"]
[White "Weiland, Herbert"]
[Black "Beckschwarte, Günter"]
[Result "1-0"]
[WhiteElo "1692"]
[BlackElo "1780"]
[PlyCount "129"]
[EventDate "2024.01.14"]
[SourceDate "2024.01.14"]
[WhiteTeam "BSG Rheinpark 1"]
[BlackTeam "Schachuzipus 1"]

1. d4 d5 2. c4 e6 3. Nc3 Nf6 4. Bg5 Be7 5. e3 h6 6. Bh4 Nbd7 7. Nf3 c5 8. cxd5
exd5 9. dxc5 Nxc5 10. Bb5+ Bd7 11. Bxd7+ Qxd7 12. O-O O-O 13. Rc1 Rac8 14. Bxf6
Bxf6 15. Qxd5 Qe7 16. Nd4 Rfd8 17. Qf5 g6 18. Qh3 Qd7 19. Qxd7 Nxd7 20. Nd5 Kg7
21. Nxf6 Nxf6 22. Rfd1 a6 23. g3 Ng4 24. Kg2 Ne5 25. b3 Kf6 26. h3 Nc6 27. Nxc6
Rxd1 28. Rxd1 Rxc6 29. Rd2 Ke6 30. f3 Rc3 31. Kf2 Rc1 32. e4 b5 33. f4 f6 34.
g4 Rh1 35. Kg2 Re1 36. Kf3 Rh1 37. f5+ gxf5 38. exf5+ Ke5 39. Kg3 Rg1+ 40. Kh2
Ra1 41. Kg3 Rg1+ 42. Kh4 Ra1 43. Kh5 Kf4 44. Kxh6 Rh1 45. Rd3 Ke4 46. Rc3 Kd4
47. Rg3 Rh2 48. Kg6 Ke5 49. Re3+ Kf4 50. Rc3 Ke5 51. Rc6 Rxh3 52. Rxa6 Rg3 53.
Re6+ Kf4 54. Kxf6 Rxg4 55. Rb6 Rg2 56. Rxb5 Rxa2 57. Rb4+ Kf3 58. Kg7 Rg2+ 59.
Kf7 Re2 60. f6 Rg2 61. Kf8 Re2 62. f7 Ra2 63. Rb8 Kf4 64. Kg7 Ra7 65. Kg8 1-0

[Event "SVM_Verbandsliga_Nord_2023-24"]
[Site "?"]
[Date "2024.01.14"]
[Round "5.8"]
[White "Rohleder, Traugott"]
[Black "Rosen, Daniel"]
[Result "1-0"]
[WhiteElo "1678"]
[BlackElo "1681"]
[PlyCount "77"]
[EventDate "2024.01.14"]
[SourceDate "2024.01.14"]
[WhiteTeam "Schachuzipus 1"]
[BlackTeam "BSG Rheinpark 1"]

1. c4 Nf6 2. Nc3 g6 3. Nf3 Bg7 4. g3 O-O 5. Bg2 d6 6. O-O e5 7. d3 Nc6 8. Bg5
h6 9. Bd2 Nh5 10. e3 f5 11. Qc1 g5 12. Nd5 Ne7 13. Ne1 c6 14. Nxe7+ Qxe7 15. f4
Be6 16. Rb1 Rac8 17. Nf3 g4 18. Nh4 Kh7 19. Bh1 Bf6 20. Ng2 Ng7 21. e4 h5 22.
Bb4 c5 23. Be1 Rh8 24. b4 b6 25. Ne3 h4 26. exf5 exf4 27. fxe6 fxe3 28. Be4+
Kg8 29. Bc3 Bd4 30. Bxd4 cxd4 31. Rf7 Qg5 32. Bd5 Qxd5 33. cxd5 Rxc1+ 34. Rxc1
Rh5 35. Rc8+ Kh7 36. e7 e2 37. e8=Q Re5 38. Qxe5 dxe5 39. Kf2 1-0

[Event "SVM_Verbandsliga_Nord_2023-24"]
[Site "?"]
[Date "2024.01.14"]
[Round "5.1"]
[White "Kocur, Alois"]
[Black "Rau, Nikita"]
[Result "1-0"]
[WhiteElo "2142"]
[BlackElo "2089"]
[PlyCount "57"]
[EventDate "2024.01.14"]
[SourceDate "2024.01.14"]
[WhiteTeam "SV Springer Hitdorf 1"]
[BlackTeam "Godesberger SK 4"]

1. e4 d5 2. exd5 Qxd5 3. Nc3 Qa5 4. d4 Nf6 5. Nf3 c6 6. Ne5 Bf5 7. Bc4 e6 8.
Bd2 Bb4 9. a3 Bxc3 10. Bxc3 Qc7 11. O-O Nbd7 12. Qe2 O-O 13. Rfe1 b5 14. Bb3
Rfe8 15. Bd2 Be4 16. Nxd7 Qxd7 17. Bg5 Bd5 18. Bxf6 gxf6 19. Qg4+ Kf8 20. Qh4
Ke7 21. Bxd5 Qxd5 22. Qxh7 Qxd4 23. Re4 Qxb2 24. Rae1 e5 25. f4 Qxa3 26. fxe5
Qc5+ 27. Kh1 f5 28. Qxf5 Qd5 29. Qf6+ 1-0

[Event "SVM_Verbandsliga_Nord_2023-24"]
[Site "?"]
[Date "2024.01.14"]
[Round "5.2"]
[White "Schumacher, Markus"]
[Black "Happ, Tobias"]
[Result "1/2-1/2"]
[WhiteElo "1867"]
[BlackElo "2024"]
[PlyCount "73"]
[EventDate "2024.01.14"]
[SourceDate "2024.01.14"]
[WhiteTeam "Godesberger SK 4"]
[BlackTeam "SV Springer Hitdorf 1"]

1. e4 c5 2. Nf3 Nc6 3. Bb5 d6 4. O-O g6 5. Bxc6+ bxc6 6. d3 Bg7 7. Re1 e5 8.
Nbd2 Ne7 9. Nf1 O-O 10. Ng3 Rb8 11. Qe2 Qc7 12. c3 f5 13. exf5 Nxf5 14. Ne4 h6
15. Be3 Kh7 16. Rab1 Be6 17. Nfg5+ hxg5 18. Nxg5+ Kg8 19. Nxe6 Qf7 20. Nxf8
Rxf8 21. a3 Qd5 22. c4 Qe6 23. b4 cxb4 24. axb4 a6 25. Qd1 Qf6 26. Rf1 Qh4 27.
h3 Bh6 28. Qe2 Kg7 29. Bxh6+ Qxh6 30. Ra1 Nd4 31. Qg4 Rf4 32. Qd7+ Rf7 33. Qxd6
Nf3+ 34. Kh1 Qf4 35. g3 Qf5 36. Kg2 Ng5 37. f4 {(=)} 1/2-1/2

[Event "SVM_Verbandsliga_Nord_2023-24"]
[Site "?"]
[Date "2024.01.14"]
[Round "5.3"]
[White "Schmitz, Andreas Arnold"]
[Black "Zhuikov, Edgard"]
[Result "1/2-1/2"]
[WhiteElo "1989"]
[BlackElo "1878"]
[PlyCount "119"]
[EventDate "2024.01.14"]
[SourceDate "2024.01.14"]
[WhiteTeam "SV Springer Hitdorf 1"]
[BlackTeam "Godesberger SK 4"]

1. e4 e5 2. Nc3 Nf6 3. Bc4 Nxe4 4. Qh5 Nd6 5. Qxe5+ Qe7 6. Qxe7+ Bxe7 7. Bb3 c6
8. d4 Nf5 9. Nf3 d5 10. Bf4 f6 11. h4 h5 12. O-O-O Kf7 13. Rhe1 Nd7 14. Re2 Re8
15. Rde1 Nf8 16. Nd1 Ne6 17. Be3 b5 18. c3 Nd6 19. Bd2 Bf8 20. g3 Ba6 21. Bc2
b4 22. Bg6+ Kxg6 23. Rxe6 bxc3 24. Nxc3 Rxe6 25. Rxe6 Kf5 26. Re1 Re8 27. Bf4
Rxe1+ 28. Nxe1 g5 29. hxg5 fxg5 30. Be5 h4 31. f4 h3 32. fxg5 Kg4 33. Nd1 Ne4
34. Ne3+ Kxg5 35. Nf3+ Kg6 36. g4 Bh6 37. Nh4+ Kf7 38. Nhf5 Bxe3+ 39. Nxe3 Ng5
40. Nf5 Nf3 41. Bb8 Bf1 42. Bxa7 h2 43. Ng3 Bg2 44. a4 h1=Q+ 45. Nxh1 Bxh1 46.
Kd1 Ng5 47. Ke2 Bf3+ 48. Ke3 Bd1 49. a5 Ba4 50. Bb6 Bb5 51. Kf4 Kg6 52. Ke5 Ne4
53. Bd8 Nd2 54. b4 Nf3+ 55. Kd6 Nxd4 56. Bb6 Nc2 57. a6 Bxa6 58. Kxc6 Nxb4+ 59.
Kc5 Bc8 60. Kxb4 {(=)} 1/2-1/2

[Event "SVM_Verbandsliga_Nord_2023-24"]
[Site "?"]
[Date "2024.01.14"]
[Round "5.4"]
[White "Maurer, Tobias"]
[Black "Bayer, Udo"]
[Result "1/2-1/2"]
[WhiteElo "1823"]
[BlackElo "1904"]
[PlyCount "89"]
[EventDate "2024.01.14"]
[SourceDate "2024.01.14"]
[WhiteTeam "Godesberger SK 4"]
[BlackTeam "SV Springer Hitdorf 1"]

1. d4 d5 2. c4 e6 3. Nc3 Nf6 4. Nf3 c6 5. a3 Bd6 6. Bg5 Nbd7 7. e3 h6 8. Bh4
O-O 9. Bd3 Re8 10. O-O b6 11. b4 dxc4 12. Bxc4 Bb7 13. Rc1 a5 14. Qb3 axb4 15.
axb4 Qe7 16. Rb1 g5 17. Bg3 Bxg3 18. hxg3 Ra7 19. Ra1 Rea8 20. Rxa7 Rxa7 21.
Qb2 Qf8 22. b5 Qa3 23. Qxa3 Rxa3 24. bxc6 Bxc6 25. Rc1 Kf8 26. Kf1 Ke7 27. Nd2
Ne8 28. Ncb1 Ra7 29. Bxe6 Bxg2+ 30. Kxg2 fxe6 31. Rh1 Nef6 32. Rxh6 Kf7 33. Rh1
Ra2 34. Rd1 b5 35. Nc3 Rb2 36. Nce4 Kg6 37. Nc5 Nxc5 38. dxc5 Rc2 39. Nb3 Ne4
40. Kf3 Nxc5 41. Nxc5 Rxc5 42. Rb1 Kf5 43. g4+ Ke5 44. Rb4 Rd5 45. Ke2 {(=)}
1/2-1/2

[Event "SVM_Verbandsliga_Nord_2023-24"]
[Site "?"]
[Date "2024.01.14"]
[Round "5.5"]
[White "Pyrowicz, Jacek"]
[Black "Maurer, Ralf"]
[Result "1-0"]
[WhiteElo "1830"]
[BlackElo "1803"]
[PlyCount "115"]
[EventDate "2024.01.14"]
[SourceDate "2024.01.14"]
[WhiteTeam "SV Springer Hitdorf 1"]
[BlackTeam "Godesberger SK 4"]

1. d4 d5 2. c4 e6 3. Nc3 Nf6 4. Bg5 Be7 5. e3 c6 6. Nf3 Nbd7 7. Qc2 b6 8. cxd5
cxd5 9. Bd3 Bb7 10. O-O Rc8 11. Qe2 h6 12. Bh4 Nh5 13. Bxe7 Qxe7 14. Bb5 Nhf6
15. Ne5 O-O 16. f4 Nxe5 17. fxe5 Ne8 18. Rf3 f5 19. Raf1 Nc7 20. Bd3 a6 21. a3
b5 22. Rg3 Kh8 23. Qh5 Bc6 24. Ne2 Be8 25. Qf3 Bf7 26. Nf4 g5 27. Nh3 Bg6 28.
Nf4 Be8 29. Ne2 Rg8 30. Rh3 Qg7 31. g4 fxg4 32. Qxg4 Rf8 33. Rhf3 Rxf3 34. Rxf3
h5 35. Qg3 Bg6 36. Bxg6 Qxg6 37. Rf6 Qg7 38. Qf2 Kg8 39. Ng3 Qh7 40. Qe2 g4 41.
e4 Rf8 42. Qf2 Rxf6 43. Qxf6 Qf7 44. Qg5+ Kf8 45. Nxh5 dxe4 46. Qd8+ Ne8 47.
Nf6 e3 48. Qxe8+ Qxe8 49. Nxe8 Kxe8 50. Kf1 Kd7 51. Ke2 Kc6 52. Kxe3 Kd5 53.
Kd3 a5 54. b3 b4 55. a4 Kc6 56. Ke4 Kd7 57. d5 exd5+ 58. Kxd5 1-0

[Event "SVM_Verbandsliga_Nord_2023-24"]
[Site "?"]
[Date "2024.01.14"]
[Round "5.6"]
[White "Albert, Markus"]
[Black "Schmitz, Manuela"]
[Result "1/2-1/2"]
[WhiteElo "1787"]
[BlackElo "1853"]
[PlyCount "75"]
[EventDate "2024.01.14"]
[SourceDate "2024.01.14"]
[WhiteTeam "Godesberger SK 4"]
[BlackTeam "SV Springer Hitdorf 1"]

1. e4 e6 2. d4 d5 3. Nc3 Bb4 4. e5 c5 5. Bd2 Ne7 6. a3 Bxc3 7. Bxc3 cxd4 8.
Bxd4 Nbc6 9. Nf3 Nxd4 10. Qxd4 Bd7 11. Bd3 Qa5+ 12. b4 Qc7 13. O-O a6 14. Qg4
Ng6 15. Rfe1 O-O 16. Qh5 Bb5 17. Ng5 h6 18. Nxe6 fxe6 19. Qxg6 Bxd3 20. Qxe6+
Kh8 21. cxd3 Qc2 22. f3 Qxd3 23. Qd7 Qd4+ 24. Kh1 Rad8 25. Qxb7 Rfe8 26. Rad1
Rxe5 27. h3 Rxe1+ 28. Rxe1 Qd2 29. Re7 Qc1+ 30. Kh2 Qf4+ 31. Kg1 Qc1+ 32. Kh2
Qf4+ 33. Kg1 Qc1+ 34. Kf2 Qd2+ 35. Kf1 Qc1+ 36. Kf2 Qd2+ 37. Kf1 Qc1+ 38. Kf2
1/2-1/2

[Event "SVM_Verbandsliga_Nord_2023-24"]
[Site "?"]
[Date "2024.01.14"]
[Round "5.7"]
[White "Kocur, Beata"]
[Black "Henn, Peter"]
[Result "1/2-1/2"]
[WhiteElo "1792"]
[BlackElo "1754"]
[PlyCount "82"]
[EventDate "2024.01.14"]
[SourceDate "2024.01.14"]
[WhiteTeam "SV Springer Hitdorf 1"]
[BlackTeam "Godesberger SK 4"]

1. e4 e6 2. d4 d5 3. Nd2 dxe4 4. Nxe4 Bd7 5. Nf3 Bc6 6. Bd3 Nd7 7. Bf4 Be7 8.
c3 Ngf6 9. Ned2 a5 10. O-O O-O 11. a4 Nd5 12. Be3 b6 13. Qe2 Nxe3 14. fxe3 Bb7
15. Ne4 h6 16. Rf2 Qc8 17. Raf1 c5 18. Nfd2 Ba6 19. Nc4 Qc7 20. Ned2 b5 21.
axb5 Bxb5 22. Qh5 f5 23. Ne5 Bxd3 24. Nxd3 c4 25. Nf4 Qc6 26. Ng6 Rf7 27. Qe2
Rc8 28. e4 Bg5 29. exf5 exf5 30. Nf4 Bxf4 31. Rxf4 Qd5 32. Qf3 Qxf3 33. R4xf3
g6 34. Ra1 Re7 35. Rxa5 Re1+ 36. Kf2 Rce8 37. Nxc4 R8e2+ 38. Kg3 Nf6 39. Ra8+
Kg7 40. Ra7+ Kg8 41. Ra8+ Kg7 {(=)} 1/2-1/2

[Event "SVM_Verbandsliga_Nord_2023-24"]
[Site "?"]
[Date "2024.01.14"]
[Round "5.8"]
[White "Große-Gehling, Thomas"]
[Black "van de Linde, Holger"]
[Result "1-0"]
[WhiteElo "1663"]
[BlackElo "1643"]
[PlyCount "71"]
[EventDate "2024.01.14"]
[SourceDate "2024.01.14"]
[WhiteTeam "Godesberger SK 4"]
[BlackTeam "SV Springer Hitdorf 1"]

1. e4 d5 2. exd5 Qxd5 3. Nc3 Qd8 4. Nf3 Nf6 5. Bc4 Nc6 6. a3 Bg4 7. h3 Bd7 8.
O-O e6 9. d4 Be7 10. Re1 O-O 11. Bf4 a6 12. Qd3 h6 13. Rad1 Bd6 14. Ne5 Re8 15.
Bh2 Ne7 16. Ne4 Nxe4 17. Qxe4 c6 18. Bd3 f5 19. Qf3 Bc8 20. Qh5 Rf8 21. Bc4
Bxe5 22. Bxe5 Nd5 23. Rd3 f4 {(=)} 24. Qg4 g5 25. Qh5 Kh7 26. h4 gxh4 27. Rh3
Rf5 28. Bd3 Qf8 29. Rxh4 Nf6 30. Bxf5+ exf5 31. Bxf6 Qxf6 32. Re7+ Qxe7 33.
Qxh6+ Kg8 34. Qh8+ Kf7 35. Rh7+ Ke6 36. Qe5+ 1-0

[Event "SVM_Verbandsliga_Nord_2023-24"]
[Site "?"]
[Date "2024.01.14"]
[Round "5.1"]
[White "Eulering, Georg"]
[Black "Wrzesniak, Marek"]
[Result "1-0"]
[WhiteElo "2102"]
[BlackElo "1904"]
[PlyCount "41"]
[EventDate "2024.01.14"]
[SourceDate "2024.01.14"]
[WhiteTeam "SF Schlebusch 1"]
[BlackTeam "Bayer Leverkusen 2"]

1. e4 c6 2. d4 d5 3. e5 Bf5 4. h4 h6 5. g4 Be4 6. f3 Bh7 7. e6 fxe6 8. Bd3 Qd6
9. Bxh7 Qg3+ 10. Kf1 Rxh7 11. Qd3 Rh8 12. Ne2 Qd6 13. Qg6+ Kd7 14. Nf4 Nf6 15.
Kg2 e5 16. Nd3 exd4 17. Bf4 e5 18. Bxe5 Qe7 19. Re1 Na6 20. Bg3 Qd8 21. Qf5#
1-0

[Event "SVM_Verbandsliga_Nord_2023-24"]
[Site "?"]
[Date "2024.01.14"]
[Round "5.2"]
[White "Horstmann, Benjamin"]
[Black "Themm, Rainer"]
[Result "1-0"]
[WhiteElo "1798"]
[BlackElo "1810"]
[PlyCount "55"]
[EventDate "2024.01.14"]
[SourceDate "2024.01.14"]
[WhiteTeam "Bayer Leverkusen 2"]
[BlackTeam "SF Schlebusch 1"]

1. e4 c5 2. c3 Nf6 3. e5 Nd5 4. d4 cxd4 5. Bc4 Nb6 6. Bb3 Nc6 7. cxd4 d6 8. e6
fxe6 9. Nf3 d5 10. O-O g6 11. Bf4 Bg7 12. Nc3 a6 13. Rc1 Nxd4 14. Nxd4 e5 15.
Be3 exd4 16. Bxd4 Bxd4 17. Qxd4 O-O 18. Nxd5 Nxd5 19. Qxd5+ Qxd5 20. Bxd5+ e6
21. Bb3 Kg7 22. Rc7+ Rf7 23. Rfc1 Rxc7 24. Rxc7+ Kh6 25. f4 b5 26. g4 g5 27.
Bc2 gxf4 28. h4 1-0

[Event "SVM_Verbandsliga_Nord_2023-24"]
[Site "?"]
[Date "2024.01.14"]
[Round "5.4"]
[White "Sockel, Karl-Heinz"]
[Black "Rohde, Ricky"]
[Result "0-1"]
[WhiteElo "1830"]
[BlackElo "1895"]
[PlyCount "114"]
[EventDate "2024.01.14"]
[SourceDate "2024.01.14"]
[WhiteTeam "Bayer Leverkusen 2"]
[BlackTeam "SF Schlebusch 1"]

1. d4 f5 2. Nf3 Nf6 3. e3 e6 4. c4 b6 5. Bd3 Bb7 6. O-O Be7 7. Nbd2 O-O 8. Qc2
Qe8 9. Re1 Qh5 10. Be2 g5 11. Nf1 Ne4 12. Ne5 Qh4 13. Bf3 {(=)} d6 14. Nd3 Nd7
15. g3 Qh6 16. Bg2 g4 17. Qe2 Ndf6 18. Nf4 Nh5 19. Nd2 e5 20. Nd5 Bxd5 21. cxd5
Ng5 22. dxe5 dxe5 23. d6 Bxd6 24. Bxa8 Rxa8 25. Qc4+ Kh8 26. Qc6 Rf8 27. b3 e4
28. Bb2+ Nf6 29. Qb5 Nh3+ 30. Kg2 Nxf2 31. Qxf5 Nd3 32. Bc3 Bxg3 33. h4 Bxe1
34. Rxe1 Nxe1+ 35. Kf2 Qxh4+ 36. Ke2 Kg8 37. Nxe4 Qh2+ 38. Nf2 Qh5 39. Qe6+ Qf7
40. Qf5 Qh5 41. Qe6+ Qf7 42. Qf5 Qd5 43. Nxg4 Qxf5 44. Nh6+ Kg7 45. Nxf5+ Kg6
46. Nh4+ Kg5 47. Bxe1 Ng4 48. Nf3+ Kf5 49. Bg3 c5 50. Bf4 h5 51. Nh4+ Ke4 52.
Ng6 Rd8 53. Nh4 Rd3 54. Ng2 b5 55. Ne1 Rc3 56. Kd2 b4 57. Ng2 h4 0-1

[Event "SVM_Verbandsliga_Nord_2023-24"]
[Site "?"]
[Date "2024.01.14"]
[Round "5.5"]
[White "Tiemann, Ralf"]
[Black "Axmann, Michael"]
[Result "1/2-1/2"]
[WhiteElo "1795"]
[BlackElo "1646"]
[PlyCount "49"]
[EventDate "2024.01.14"]
[SourceDate "2024.01.14"]
[WhiteTeam "SF Schlebusch 1"]
[BlackTeam "Bayer Leverkusen 2"]

1. e4 e6 2. d4 d5 3. exd5 exd5 4. Nf3 Nf6 5. Be2 Be7 6. O-O O-O 7. Bf4 Re8 8.
Nbd2 c6 9. Re1 Bf5 10. c4 Nbd7 11. Rc1 Rc8 12. Ne5 a6 13. c5 Nxe5 14. Bxe5 Qd7
15. Rc3 Ne4 16. Nxe4 Bxe4 17. Bg4 Bf5 18. Bxf5 Qxf5 19. Rce3 Qd7 20. h3 Bf8 21.
Qe2 f6 22. Bf4 Rxe3 23. Qxe3 Kf7 24. g4 Re8 25. Qxe8+ {(=)} 1/2-1/2

[Event "SVM_Verbandsliga_Nord_2023-24"]
[Site "?"]
[Date "2024.01.14"]
[Round "5.6"]
[White "Kurth, Laurenz"]
[Black "Neumann, Thomas"]
[Result "0-1"]
[WhiteElo "1594"]
[BlackElo "1656"]
[PlyCount "34"]
[EventDate "2024.01.14"]
[SourceDate "2024.01.14"]
[WhiteTeam "Bayer Leverkusen 2"]
[BlackTeam "SF Schlebusch 1"]

1. d4 Nf6 2. c4 g6 3. Nf3 Bg7 4. g3 O-O 5. Bg2 e6 6. Nc3 d5 7. cxd5 exd5 8. O-O
c6 9. h3 Re8 10. Be3 Bf5 11. Qc1 Nbd7 12. Bh6 Bh8 13. Rd1 Be4 14. Nxe4 Nxe4 15.
Be3 Qe7 16. Nd2 Nxg3 17. Nf1 Nxe2+ 0-1

[Event "SVM_Verbandsliga_Nord_2023-24"]
[Site "?"]
[Date "2024.01.14"]
[Round "5.8"]
[White "Yildiran, Sinan"]
[Black "Özdek, Ismail Safa"]
[Result "1/2-1/2"]
[WhiteElo "1413"]
[BlackElo "1335"]
[PlyCount "38"]
[EventDate "2024.01.14"]
[SourceDate "2024.01.14"]
[WhiteTeam "Bayer Leverkusen 2"]
[BlackTeam "SF Schlebusch 1"]

1. Nf3 c5 2. c4 Nc6 3. g3 e6 4. Bg2 Be7 5. O-O Bf6 6. Nc3 d6 7. Ne4 Be7 8. d4
cxd4 9. Nxd4 Nxd4 10. Qxd4 Nf6 11. Nc3 O-O 12. Rd1 e5 13. Qd3 Qb6 14. Be3 Qd8
15. Nb5 Bg4 16. f3 Be6 17. b3 d5 18. cxd5 Nxd5 19. Bxa7 Qa5 {(=)} 1/2-1/2

[Event "SVM_Verbandsliga_Nord_2023-24"]
[Site "?"]
[Date "2024.02.04"]
[Round "6.1"]
[White "Pyka, Andreas"]
[Black "Hoffmann, Klaus-Peter"]
[Result "1/2-1/2"]
[WhiteElo "2014"]
[BlackElo "2064"]
[PlyCount "43"]
[EventDate "2024.02.04"]
[SourceDate "2024.02.04"]
[WhiteTeam "SF Schlebusch 1"]
[BlackTeam "SV KS Leverkusen 1"]

1. g3 g6 2. Bg2 Bg7 3. Nf3 d6 4. c4 e5 5. Nc3 c5 6. a3 Nc6 7. O-O Nge7 8. b4
O-O 9. Rb1 Rb8 10. d3 h6 11. Ne1 f5 12. Nd5 Kh8 13. bxc5 dxc5 14. f4 Be6 15.
Nxe7 Qxe7 16. Nf3 exf4 17. Bxf4 Rbd8 18. Qb3 g5 19. Bd2 Rd7 20. Bc3 Bxc3 21.
Qxc3+ Qg7 22. Qxg7+ {(=)} 1/2-1/2

[Event "SVM_Verbandsliga_Nord_2023-24"]
[Site "?"]
[Date "2024.02.04"]
[Round "6.2"]
[White "Wirtz, Frank"]
[Black "Themm, Rainer"]
[Result "1/2-1/2"]
[WhiteElo "1936"]
[BlackElo "1810"]
[PlyCount "51"]
[EventDate "2024.02.04"]
[SourceDate "2024.02.04"]
[WhiteTeam "SV KS Leverkusen 1"]
[BlackTeam "SF Schlebusch 1"]

1. Nf3 c5 2. c4 g6 3. Nc3 Nc6 4. g3 Bg7 5. e4 e5 6. Bg2 Nge7 7. d3 d6 8. Be3
O-O 9. Qd2 f5 10. h4 f4 11. gxf4 exf4 12. Bxf4 Bg4 13. Nh2 Bh5 14. Ne2 Ne5 15.
Bg3 N7c6 16. a3 Bxe2 17. Qxe2 Nd4 18. Qd1 Qa5+ 19. Kf1 h5 20. Kg1 Bh6 21. Bxe5
dxe5 22. Nf3 Nxf3+ 23. Bxf3 Qd2 {(=)} 24. Qxd2 Bxd2 25. Kg2 Rf6 26. Be2 {(=)}
1/2-1/2

[Event "SVM_Verbandsliga_Nord_2023-24"]
[Site "?"]
[Date "2024.02.04"]
[Round "6.3"]
[White "König, Linus"]
[Black "Schmitz, Andreas"]
[Result "1-0"]
[WhiteElo "1740"]
[BlackElo "1883"]
[PlyCount "43"]
[EventDate "2024.02.04"]
[SourceDate "2024.02.04"]
[WhiteTeam "SF Schlebusch 1"]
[BlackTeam "SV KS Leverkusen 1"]

1. d4 Nf6 2. Nf3 e6 3. e3 c5 4. Bd3 Nc6 5. O-O Qc7 6. c4 cxd4 7. exd4 d5 8.
Nbd2 Be7 9. b3 h6 10. Bb2 O-O 11. Rc1 Qf4 12. h3 h5 13. g3 Qh6 14. Ne5 Ne8 15.
Ndf3 f5 16. Nxc6 bxc6 17. Rc2 Bd6 18. Ne5 g5 19. f4 h4 20. fxg5 Qxg5 21. Bc1 f4
22. Bxf4 1-0

[Event "SVM_Verbandsliga_Nord_2023-24"]
[Site "?"]
[Date "2024.02.04"]
[Round "6.4"]
[White "Blomeyer, Peter"]
[Black "Rohde, Ricky"]
[Result "0-1"]
[WhiteElo "1819"]
[BlackElo "1895"]
[PlyCount "38"]
[EventDate "2024.02.04"]
[SourceDate "2024.02.04"]
[WhiteTeam "SV KS Leverkusen 1"]
[BlackTeam "SF Schlebusch 1"]

1. c4 b6 2. Nf3 Bb7 3. g3 Bxf3 4. exf3 c5 5. Bg2 Nc6 6. Nc3 g6 7. d3 Bg7 8. O-O
Nh6 9. g4 f5 10. g5 Nf7 11. f4 h6 12. Re1 Qc7 13. Rb1 O-O-O 14. h3 hxg5 15. Nd5
Qd6 16. fxg5 e6 17. Nf4 Nxg5 18. Nxg6 Nxh3+ 19. Kf1 Qh2 0-1

[Event "SVM_Verbandsliga_Nord_2023-24"]
[Site "?"]
[Date "2024.02.04"]
[Round "6.5"]
[White "Tiemann, Ralf"]
[Black "Wirtz, Uwe"]
[Result "1/2-1/2"]
[WhiteElo "1795"]
[BlackElo "1782"]
[PlyCount "51"]
[EventDate "2024.02.04"]
[SourceDate "2024.02.04"]
[WhiteTeam "SF Schlebusch 1"]
[BlackTeam "SV KS Leverkusen 1"]

1. g3 d5 2. Bg2 e5 3. d3 Nc6 4. Nf3 Nf6 5. O-O Be7 6. c4 dxc4 7. dxc4 Qxd1 8.
Rxd1 O-O 9. Nc3 Bg4 10. b3 Rfe8 11. Bb2 Rac8 12. h3 Bxf3 13. Bxf3 Nd8 14. Ne4
Nxe4 15. Bxe4 f6 16. Rac1 g6 17. Rc2 c6 18. Rcd2 Ne6 19. Bc2 Rcd8 20. Kg2 Rxd2
21. Rxd2 Rd8 22. Rxd8+ Bxd8 23. e3 Kf7 24. f4 exf4 25. exf4 Bb6 26. Bd1 {(=)}
1/2-1/2

[Event "SVM_Verbandsliga_Nord_2023-24"]
[Site "?"]
[Date "2024.02.04"]
[Round "6.6"]
[White "Granz, Thomas"]
[Black "Nafe, Bernd"]
[Result "0-1"]
[WhiteElo "1738"]
[BlackElo "1831"]
[PlyCount "92"]
[EventDate "2024.02.04"]
[SourceDate "2024.02.04"]
[WhiteTeam "SV KS Leverkusen 1"]
[BlackTeam "SF Schlebusch 1"]

1. d4 Nf6 2. c4 e5 3. dxe5 Ng4 4. Nf3 Bc5 5. e3 Nc6 6. h3 Ngxe5 7. Nxe5 Nxe5 8.
Be2 O-O 9. O-O Qh4 10. Nc3 d6 11. f4 Ng6 12. Bg4 f5 13. Be2 Nxf4 14. Kh2 Nxe2
15. Qxe2 Bd7 16. g3 Qd8 17. e4 {(=)} fxe4 18. Nxe4 Rxf1 19. Qxf1 Qf8 20. Qxf8+
Rxf8 21. Nxc5 dxc5 22. Bf4 Re8 23. Rd1 Re2+ 24. Kg1 Bxh3 25. Bxc7 Rg2+ 26. Kh1
Rxb2 27. a4 Rc2 28. Rd8+ Kf7 29. Rb8 b6 30. a5 bxa5 31. Bxa5 Rxc4 32. Rb7+ Kg6
33. Rxa7 Ra4 34. Bb6 Rxa7 35. Bxa7 c4 36. Bd4 Kf5 37. Bxg7 Ke4 38. Kh2 Bg4 39.
Kg2 Kd3 40. Kf2 Kc2 41. Ke3 c3 42. Kf4 Bh5 43. Ke3 Kb3 44. Kd3 Bg6+ 45. Ke2 Kc2
46. Bh6 Kb1 0-1

[Event "SVM_Verbandsliga_Nord_2023-24"]
[Site "?"]
[Date "2024.02.04"]
[Round "6.7"]
[White "Neumann, Thomas"]
[Black "Friedsam, Manfred"]
[Result "1/2-1/2"]
[WhiteElo "1656"]
[BlackElo "1793"]
[PlyCount "45"]
[EventDate "2024.02.04"]
[SourceDate "2024.02.04"]
[WhiteTeam "SF Schlebusch 1"]
[BlackTeam "SV KS Leverkusen 1"]

1. d4 e6 2. Nf3 d5 3. e3 Bd6 4. c4 c6 5. Bd3 f5 6. Nc3 Nf6 7. O-O O-O 8. Bd2
Bd7 9. Qe2 Be8 10. cxd5 cxd5 11. Nb5 Bxb5 12. Bxb5 a6 13. Bd3 Nc6 14. Rfc1 Ne4
15. a3 Qd7 16. b4 b5 17. Ra2 Rfc8 18. Rac2 Ne7 19. g3 Rxc2 20. Rxc2 Rc8 21. Qd1
h6 22. Ne1 Rxc2 23. Qxc2 {(=)} 1/2-1/2

[Event "SVM_Verbandsliga_Nord_2023-24"]
[Site "?"]
[Date "2024.02.04"]
[Round "6.8"]
[White "Witte, Volker"]
[Black "Nöh, Helge"]
[Result "1/2-1/2"]
[WhiteElo "1606"]
[BlackElo "1685"]
[PlyCount "66"]
[EventDate "2024.02.04"]
[SourceDate "2024.02.04"]
[WhiteTeam "SV KS Leverkusen 1"]
[BlackTeam "SF Schlebusch 1"]

1. d4 d5 2. c4 dxc4 3. e4 e5 4. d5 c6 5. Bxc4 cxd5 6. Qxd5 Qxd5 7. exd5 Bd6 8.
Nc3 a6 9. Ne4 Bb4+ 10. Bd2 Bxd2+ 11. Kxd2 Nh6 12. Nd6+ Ke7 13. Nxc8+ Rxc8 14.
Bb3 Nd7 15. Ne2 Rc5 16. f3 Rac8 17. Nc3 f5 18. Rhg1 Nb6 19. Ke2 Nc4 20. Rab1
Nxb2 21. Rxb2 Rxc3 22. Rd1 Kd6 23. Rd3 f4 24. Rxc3 Rxc3 25. Kd2 Rc5 26. a4 b5
27. axb5 axb5 28. Ra2 Nf5 29. Ra6+ Kd7 30. Kd3 Nd6 31. Ra8 Rc8 32. Ra7+ Rc7 33.
Ra8 Rc8 {(=)} 1/2-1/2

[Event "SVM_Verbandsliga_Nord_2023-24"]
[Site "?"]
[Date "2024.02.04"]
[Round "6.2"]
[White "Happ, Tobias"]
[Black "Horstmann, Benjamin"]
[Result "1-0"]
[WhiteElo "2024"]
[BlackElo "1798"]
[PlyCount "98"]
[EventDate "2024.02.04"]
[SourceDate "2024.02.04"]
[WhiteTeam "SV Springer Hitdorf 1"]
[BlackTeam "Bayer Leverkusen 2"]

1. d4 Nf6 2. Nf3 c5 3. c4 cxd4 4. Nxd4 e5 5. Nb5 d5 6. cxd5 Bc5 7. e3 a6 8.
N5c3 O-O 9. Be2 Bf5 10. a3 Nbd7 11. Nd2 e4 12. g4 Bg6 13. g5 Nxd5 14. Nxd5 Qxg5
15. Nf4 Ne5 16. Nc4 Rad8 17. Bd2 Nd3+ 18. Bxd3 exd3 19. Qf3 b5 20. Na5 Rfe8 21.
Qg3 Qe5 22. Rb1 Qe4 23. O-O f6 24. Qg2 Qf5 25. Nb7 Rc8 26. Nxc5 Rxc5 27. Rbc1
Rec8 28. Rxc5 Qxc5 29. Qd5+ Qxd5 30. Nxd5 Rc2 31. Ne7+ Kf7 32. Nxg6 Rxd2 33.
Nf4 g5 34. Nd5 Rxb2 35. Nb4 d2 36. Rd1 a5 37. Nd3 Ra2 38. Kf1 Rxa3 39. Rxd2 Rc3
40. Ke2 Ke6 41. Ra2 Kd5 42. Rxa5 Kc4 43. Ra8 b4 44. Rc8+ Kb3 45. Rb8 Rc4 46.
Kf3 g4+ 47. Kg3 f5 48. Rxb4+ Rxb4 49. Nxb4 Kxb4 1-0